[Event "5th Amplico AIG Life"]
[Site "Warsaw POL"]
[Date "2005.12.17"]
[Round "2"]
[White "Kopczynski,M"]
[Black "Mista,A"]
[Result "1-0"]
[WhiteElo "2190"]
[BlackElo "2479"]

1.e4 g6 2.d4 Bg7 3.Nc3 c6 4.Nf3 d6 5.Be3 b5 6.Bd3 Qc7 7.O-O Nd7 8.Qd2 Ngf6
9.Bh6 O-O 10.Rae1 e5 11.dxe5 dxe5 12.Bxg7 Kxg7 13.Qg5 h6 14.Qh4 b4 15.Nd1 Nc5
16.Ne3 Be6 17.Bc4 Ncxe4 18.Bxe6 fxe6 19.Ng4 Nxg4 20.Rxe4 Nf6 21.Rxe5 Qd6
22.Rfe1 Rae8 23.Qc4 Nd5 24.Nd4 Rf6 25.Qxc6 Qxc6 26.Nxc6 Kf7 27.R5e4 a5 28.Nxa5 Ra8
29.Nc6 Rxa2 30.Nxb4 Rxb2 31.Nxd5 exd5 32.Re7+ Kg8 33.Rc7 Rf7 34.Rc6 Kh7 35.f3 Rbb7
36.Ree6 Rg7 37.Red6 Rbd7 38.Rxd7 Rxd7 39.Kf2 Re7 40.Rc5 Re5 41.c4 Kg7 42.Rxd5 Re6
43.c5 Ra6 44.Kg3 Ra2 45.Rd7+ Kf6 46.Rc7 Rc2 47.c6 g5 48.Rc8 h5 49.c7 Kg7
50.h4 g4 51.fxg4 Rc3+ 52.Kf4 Rc4+ 53.Ke3 hxg4 54.g3 Kh7 55.Kd3 Rc1 56.Ke4 Kg7
57.Kf5 Rc4 58.Kg5 Kh7 59.h5 Kg7 60.h6+ Kh7 61.Kh5 Rc1 62.Kxg4 Rc4+ 63.Kh5 Rc5+
64.Kh4 Rc6 65.Kg5 Rc5+ 66.Kf4 Rc4+ 67.Kf3 Rc3+ 68.Kg2 Rc2+ 69.Kh3 Rc6 70.Kg4 Rc4+
71.Kf5 Rc5+ 72.Ke4 Rc4+ 73.Kd5 Rc1 74.g4 Rd1+ 75.Ke4 Re1+ 76.Kf4 Rf1+ 77.Ke3 Rc1
78.g5 Rc3+ 79.Kd2 Rc6 80.Rd8 Rg6  1-0

[Event "5th Amplico AIG Life"]
[Site "Warsaw POL"]
[Date "2005.12.17"]
[Round "3"]
[White "Balogh,C"]
[Black "Maciejewski,A"]
[Result "0-1"]
[WhiteElo "2567"]
[BlackElo "2358"]

1.e4 g6 2.d4 c6 3.Nc3 Bg7 4.Nf3 d6 5.Be2 Nf6 6.O-O O-O 7.h3 Nbd7 8.Be3 e5
9.dxe5 dxe5 10.Nd2 Qe7 11.Nc4 Nc5 12.Qd6 Qxd6 13.Nxd6 Ne6 14.Rfd1 Nd4 15.Bxd4 exd4
16.Rxd4 Nd5 17.Rd3 Nb4 18.Rd2 Bh6 19.Rdd1 Nxc2 20.Rab1 b5 21.e5 Be6 22.b3 Bf4
23.Rb2 Na3 24.Nce4 Bxe5 25.Rbd2 Bd5 26.f3 f5 27.Rxd5 Bxd6 28.Nxd6 Rad8 29.g4 a6
30.gxf5 gxf5 31.Kf2 Rd7 32.Nxf5 Rxd5 33.Ne7+ Kf7 34.Nxd5  0-1

[Event "5th Amplico AIG Life"]
[Site "Warsaw POL"]
[Date "2005.12.17"]
[Round "6"]
[White "Kot,J"]
[Black "Mista,A"]
[Result "0-1"]
[WhiteElo "2271"]
[BlackElo "2479"]

1.e4 g6 2.d4 Bg7 3.Nc3 c6 4.Be3 d5 5.f3 Qb6 6.Na4 Qa5+ 7.c3 Nd7 8.b4 Qc7
9.Nh3 dxe4 10.fxe4 Ngf6 11.Bd3 e5 12.O-O O-O 13.Nc5 Nxc5 14.bxc5 Ng4 15.Qd2 exd4
16.Bf4 dxc3 17.Bxc7 cxd2 18.Bd6 Bxa1 19.Rxa1 Ne3 20.Nf2 Rd8 21.h3 b6 22.e5 bxc5
23.Nd1 Nf5 24.Bxf5 Bxf5 25.Kf2 f6 26.Be7 fxe5 27.Bxd8 Rxd8 28.Ne3 c4  0-1

[Event "5th Amplico AIG Life"]
[Site "Warsaw POL"]
[Date "2005.12.17"]
[Round "6"]
[White "Sulskis,S"]
[Black "Maciejewski,A"]
[Result "1-0"]
[WhiteElo "2504"]
[BlackElo "2358"]

1.e4 g6 2.d4 Bg7 3.Nc3 c6 4.Nf3 d6 5.h3 Nf6 6.e5 dxe5 7.dxe5 Nd5 8.Ne4 O-O
9.Bc4 Nd7 10.e6 fxe6 11.O-O N7f6 12.Qe2 Nxe4 13.Qxe4 Qd6 14.Re1 e5 15.Nxe5 Bf5
16.Qe2 Bxe5 17.Qxe5 Qxe5 18.Rxe5 Bxc2 19.Rxe7 Rae8 20.Rxe8 Rxe8 21.Be3 a6
22.Rc1 Be4 23.a3 Kf7 24.Bd4 Bf5 25.f4 h5 26.Be5 Rd8 27.Kf2 Be6 28.Be2 Nf6
29.Bf3 Bd5 30.Rd1 Rd7 31.Bxf6 Kxf6 32.g4 hxg4 33.hxg4 Rh7 34.Bxd5 cxd5 35.Rxd5 Rh2+
36.Kg3 Rxb2 37.Rd6+ Kg7 38.Rd7+ Kg8 39.Kh4 Rb5 40.a4 Ra5 41.Rxb7 g5+ 42.Kh5 gxf4+
43.Kg6 Kf8 44.Rf7+ Kg8 45.Rxf4 Rc5 46.g5 a5 47.Rf6 Rc8 48.Ra6 Rb8 49.Rxa5 Rb6+
50.Kf5 Kg7 51.Ra7+ Kg8 52.a5 Rc6 53.Ra8+  1-0

[Event "5th Amplico AIG Life"]
[Site "Warsaw POL"]
[Date "2005.12.18"]
[Round "10"]
[White "Matras,A"]
[Black "Warakomski,T"]
[Result "0-1"]
[WhiteElo "2246"]
[BlackElo "2396"]

1.e4 g6 2.d4 Bg7 3.Nc3 c6 4.Be3 d6 5.Qd2 b5 6.Nf3 Qc7 7.Bd3 Nd7 8.h3 Bb7
9.O-O Ngf6 10.Bh6 O-O 11.Rfe1 e5 12.dxe5 dxe5 13.Rad1 Nc5 14.Bxg7 Kxg7 15.a3 Ne6
16.Qe3 a6 17.Bf1 Rad8 18.g3 Rfe8 19.Bg2 c5 20.Nd5 Nxd5 21.exd5 Nd4 22.Nxd4 cxd4
23.Qb3 Qc5 24.c3 Bxd5 25.Bxd5 Rxd5 26.cxd4 Rxd4 27.Rxd4 Qxd4 28.Rd1 Qc5 29.Rd7 Re7
30.Rxe7 Qxe7 31.Qd5 e4 32.Qd4+ Qf6 33.Qd2 Qe5 34.Kg2 f5 35.b4 h5 36.Qd7+ Kf6
37.Qd8+ Kf7 38.Qd7+ Qe7 39.Qd4 Qb7 40.Kh2 Qc6 41.Qh8 Ke6 42.Qd4 h4 43.Qg7 hxg3+
44.Kxg3 Qd6+ 45.Kg2 Kd5 46.h4 Kc4 47.Qf7+ Qd5 48.Qc7+ Kb3 49.Qg3+ e3+ 50.Kh2 Qd2
51.Qxe3+ Qxe3 52.fxe3 Kxa3 53.Kg3 Kxb4 54.Kf4 a5 55.Kg5 a4 56.Kxg6 a3 57.h5 a2
58.h6 a1=Q 59.h7 Qe5  0-1

[Event "1st ch-BIH"]
[Site "Brcko BIH"]
[Date "2005.12.19"]
[Round "6"]
[White "Runic,Z"]
[Black "Nurkic,S"]
[Result "0-1"]
[WhiteElo "2434"]
[BlackElo "2426"]

1.e4 g6 2.d4 Bg7 3.Nc3 c6 4.Nf3 Nf6 5.Bd3 O-O 6.O-O d6 7.h3 Qc7 8.Bf4 Nh5
9.Bh2 e5 10.Ne2 Nd7 11.c3 Re8 12.Re1 Nf8 13.Qd2 h6 14.Rad1 g5 15.dxe5 dxe5
16.Ned4 Ng6 17.Nf5 Be6 18.N3d4 Bxf5 19.Nxf5 Rad8 20.Qc2 Nhf4 21.Bf1 Bf8 22.g3 Ne6
23.Bc4 b5 24.Be2 Kh7 25.Bg4 Bc5 26.Qe2 Rxd1 27.Rxd1 Rd8 28.Ne3 Rxd1+ 29.Nxd1 Qd6
30.a3 Kg7 31.Kg2 Bb6 32.Ne3 Bxe3 33.Qxe3 Qc5 34.Qd2 Qe7 35.Bg1 h5 36.Bxe6 fxe6
37.f3 h4 38.Be3 Kh6 39.Qf2 a6 40.gxh4 Nf4+ 41.Bxf4 gxf4 42.Kf1 Qd8 43.Ke2 Qg8
44.c4 bxc4 45.Kd1 Qg3 46.Qf1 Kh5 47.Kc2 Kxh4 48.Kc3 Qxh3 49.Qe1+ Kh5 50.Qf2 Qg3
51.Qf1 Qh2 52.Qe1 Qg2 53.Qd1 Qf2 54.Qh1+ Kg5 55.Kxc4 Qc2+ 56.Kb4 Qxb2+ 57.Kc5 Qxa3+
58.Kxc6 Qf8 59.Kd7 a5 60.Qa1 Qc5 61.Kxe6 Qc6+ 62.Ke7 Qf6+ 63.Kd7 a4 64.Qxa4 Kh4
65.Qd1 Kg3 66.Qh1 Qa6 67.Qh5 Qd3+ 68.Kc7 Qd4 69.Kc6 Kf2 70.Kc7 Ke2 71.Kc6 Ke3
72.Qh1 Qd2 73.Kc5 Qd4+ 74.Kc6 Kf2 75.Qh5 Ke2 76.Qh1 Qc3+ 77.Kd5 Qxf3 78.Qh2+ Ke3
79.Qc2 Qe2 80.Qc5+ Kf3 81.Kxe5 Qxe4+ 82.Kf6 Ke2 83.Qb5+ Ke3 84.Kg5 f3 85.Qb3+ Kf2
86.Kh5 Qf4 87.Qc2+ Kg1 88.Qd1+ Kh2 89.Qc2+ f2 90.Qa2 Qg3 91.Qc2 Qf3+ 92.Kg5 Kg2
93.Qd2 Kg1 94.Qd4 Kh1 95.Qh4+ Kg2 96.Qc4 f1=Q  0-1

[Event "Open A"]
[Site "Bethune FRA"]
[Date "2005.12.29"]
[Round "6"]
[White "Solodovnichenko,Y"]
[Black "Kieffer,C"]
[Result "1-0"]
[WhiteElo "2494"]
[BlackElo "2182"]

1.e4 c6 2.d4 g6 3.Nc3 Bg7 4.h3 d5 5.Nf3 Nh6 6.Bf4 O-O 7.Qd2 dxe4 8.Nxe4 Nf5
9.O-O-O Nd7 10.g4 Nxd4 11.Nxd4 e5 12.Bg5 f6 13.Ne6  1-0

[Event "10th Open"]
[Site "Bad Zwesten GER"]
[Date "2006.01.04"]
[Round "4"]
[White "Kummerow,H"]
[Black "Fichte,W"]
[Result "1-0"]
[WhiteElo "2285"]
[BlackElo "2028"]

1.e4 g6 2.d4 Bg7 3.Nc3 c6 4.Nf3 d5 5.h3 Nh6 6.Bf4 dxe4 7.Nxe4 Nf5 8.c3 O-O
9.Bd3 Nd7 10.O-O Nf6 11.Ne5 Nd5 12.Bh2 f6 13.Nf3 Bh6 14.Re1 Bf4 15.Bxf4 Nxf4
16.Bc4+ Kh8 17.Qd2 Qc7 18.Nc5 Ng7 19.a4 e5 20.Bf1 Bf5 21.dxe5 Rad8 22.Qxf4 fxe5
23.Qxe5 Qb6 24.b4 a5 25.Bc4 Bxh3 26.Ng5  1-0

[Event "12th Open A"]
[Site "Bosnjaci CRO"]
[Date "2006.01.06"]
[Round "5"]
[White "Brkic,A"]
[Black "Sedlak,N"]
[Result "1-0"]
[WhiteElo "2500"]
[BlackElo "2512"]

1.e4 g6 2.d4 Bg7 3.Nc3 c6 4.h3 d6 5.Be3 Qb6 6.Rb1 Nf6 7.g4 d5 8.e5 Ne4 9.Nxe4 dxe4
10.Bg2 Be6 11.b3 Qa5+ 12.Bd2 Qd8 13.Ne2 c5 14.Bc3 Nc6 15.dxc5 Qc7 16.Bxe4 Rd8
17.Qc1 h5 18.Nf4 Nd4 19.Qe3 Qxe5 20.Ne2 Qxc5 21.Rd1 Bh6 22.Qd3 f5 23.Bg2 Nc6
24.Bxc6+ Kf7 25.gxf5 Bxf5 26.Bd5+ e6 27.Qc4 Qe7 28.Bf3 b5 29.Qxb5 Rxd1+ 30.Kxd1 Rd8+
31.Ke1 Qg5 32.Qb7+ Kg8 33.Be4 Rf8 34.Rg1 Bxe4  1-0

[Event "TCh-BEL 2005-6"]
[Site "Belgium BEL"]
[Date "2006.01.08"]
[Round "6"]
[White "Ghysels,C"]
[Black "Van Mil,J"]
[Result "0-1"]
[WhiteElo "2197"]
[BlackElo "2358"]

1.e4 g6 2.d4 Bg7 3.Nc3 c6 4.Nf3 d5 5.h3 Nh6 6.Bf4 O-O 7.Qd2 dxe4 8.Nxe4 Nf5
9.c3 Nd7 10.Bd3 Nb6 11.Ng3 Nxg3 12.Bxg3 c5 13.dxc5 Na4 14.O-O Nxb2 15.Qxb2 Qxd3
16.Ne5 Qd5 17.Rad1 Qxc5 18.Rfe1 b6 19.Qb4 Be6 20.Qxc5 bxc5 21.a3 Rfd8 22.Nc6 Rxd1
23.Rxd1 Bxc3 24.Bb8 Kg7 25.Rc1 Bb2 26.Rxc5 Bxa3 27.Ra5 Bd6 28.Rxa7 Rxa7 29.Bxa7 Bd5
30.Nd4 e5 31.Nc2 f5 32.Be3 Kf6 33.Bd2 f4 34.f3 Bc5+ 35.Kh2 g5 36.Bc3 Bb3
37.Nb4 Bd4 38.Bd2 Ke6 39.g3 Bf2 40.gxf4 gxf4 41.Nd3 Bd4 42.Bb4 Bc4 43.Nc5+ Kd5
44.Ne4 Bd3 45.Nf6+ Kc4 46.Bd6 Bf5 47.Kg2 Kd3 48.Nd5 Ke2 49.Ne7 Bd7 50.h4 e4
51.Nd5 exf3+ 52.Kh2 f2  0-1

[Event "13th I.Stepichev Mem"]
[Site "Kyiv UKR"]
[Date "2006.01.16"]
[Round "10"]
[White "Kernazhitsky,L"]
[Black "Semenov,D UKR"]
[Result "1/2-1/2"]
[WhiteElo "2355"]
[BlackElo "2342"]

1.e4 g6 2.d4 Bg7 3.Nc3 c6 4.Nf3 d6 5.Be3 b5 6.h3 Nd7 7.Qd2 Qc7 8.Bd3 Ngf6
9.O-O O-O 10.Ne2 Rb8 11.Ng3 e5 12.c3 Re8 13.Bh6 Nf8 14.Nh4 Ne6 15.Bxg7 Kxg7
16.Ne2 h6 17.f4 exf4 18.Nxf4 Ng5 19.d5 c5 20.Rae1 c4 21.Bc2 Qc5+ 22.Kh2 Bd7
23.Nfxg6 fxg6 24.Nxg6 Ngxe4 25.Qf4 Qxd5 26.Rf3 Qg5 27.Rxe4 Rxe4 28.Qxd6 Rbe8
29.Rg3 Bg4 30.Bxe4 Rxe4 31.Ne7 h5 32.Qc7 Kh6 33.Qd8 Kg7 34.Qc7 Qe5 35.Nf5+ Kg6
36.Nh4+ Kh6 37.Qf7 Qg5 38.Qf8+ Kh7 39.Qf7+ Qg7 40.Qxg7+ Kxg7 41.Nf3 Kf8 42.hxg4 hxg4
43.Nd4 Nh5 44.Nxb5 Nxg3 45.Kxg3 Re2 46.Nxa7 Rxb2 47.a4 Ra2 48.Nb5 Rxa4 49.Kxg4 Ra2
50.Kf3 Rd2 51.g4 Kg7 52.Ke4 Rd3 53.Nc7 Rxc3 54.Kd4 Rc1 55.Nb5 Kf6 56.Nc3 Rg1
57.Kxc4 Rxg4+ 58.Kd3 Ke5 59.Ne2 Rh4 60.Ke3 Rh3+ 61.Kd2 Ke4 62.Nc3+ Kd4 63.Ne2+ Kc4
64.Nf4 Ra3 65.Ne2 Rf3 66.Ng1 Rd3+ 67.Ke2 Ra3 68.Nf3 Kd5 69.Nd2 Kd4 70.Nf3+ Ke4
71.Nd2+ Kf4 72.Nc4 Rc3 73.Nd2 Re3+ 74.Kd1 Rd3 75.Ke2 Rh3  1/2-1/2

[Event "IM"]
[Site "Marianske Lazne CZE"]
[Date "2006.01.21"]
[Round "1"]
[White "Weinwurm,W"]
[Black "Vokoun,J"]
[Result "1-0"]
[WhiteElo "2206"]
[BlackElo "2294"]

1.e4 g6 2.d4 Bg7 3.Nc3 c6 4.Nf3 d6 5.Be3 Nf6 6.h3 O-O 7.Qd2 b5 8.Bd3 Na6
9.O-O Nd7 10.Bh6 e5 11.Bxg7 Kxg7 12.Ne2 Qb6 13.c3 Nc7 14.Ng3 Ne6 15.Bc2 Rb8
16.Kh2 Re8 17.Bb3 f6 18.Bxe6 Rxe6 19.Nh4 Re8 20.f4 exd4 21.cxd4 c5 22.f5 g5
23.Nf3 Qd8 24.Rad1 Qe7 25.Nxg5 fxg5 26.f6+ Nxf6 27.Qxg5+ Kh8 28.Rxf6 Rg8
29.Qf4 Rb6 30.Rf7 Qe6 31.Rxa7 c4 32.Rf1 Rb7 33.Rxb7 Bxb7 34.Qf6+ Qxf6 35.Rxf6 Rd8
36.Rf7 Ba8 37.a3 Kg8 38.Re7 Bc6 39.Nf5 Kf8 40.Rxh7 Rd7 41.Rxd7 Bxd7 42.Nxd6 Ke7
43.Nf5+ Kf6 44.g4 Bc6 45.d5 Be8 46.Kg3 Ke5 47.Kf3 Bg6 48.Ke3 Bh7 49.h4 Bg6
50.h5 Be8 51.h6 Bg6 52.Nd4 Bxe4 53.d6  1-0

[Event "Classic"]
[Site "Queenstown NZL"]
[Date "2006.01.21"]
[Round "7"]
[White "Stojic,D"]
[Black "Civin,T"]
[Result "0-1"]
[WhiteElo "2051"]
[BlackElo "2410"]

1.e4 g6 2.d4 Bg7 3.Nc3 c6 4.Nf3 d5 5.e5 f6 6.Bd3 Nh6 7.exf6 exf6 8.Qe2+ Kf7
9.O-O Re8 10.Qd1 Kg8 11.Bf4 Nf7 12.h3 Nd7 13.Qd2 f5 14.Rfe1 Nf6 15.Ne5 Ne4
16.Nxf7 Kxf7 17.Nxe4 dxe4 18.Bc4+ Be6 19.Bxe6+ Rxe6 20.c3 a5 21.Rad1 a4 22.c4 Qa5
23.d5 cxd5 24.Qxd5 Qxd5 25.Rxd5 Bxb2 26.Rb5 Ba3 27.Bg5 b6 28.Rd1 Ra7 29.Rdd5 Be7
30.Bxe7 Kxe7 31.Rb1 Rc7 32.Rb4 Rec6 33.Rxa4 Rxc4 34.Rxc4 Rxc4 35.Rb5 Rc1+
36.Kh2 Rc2 37.Kg1 Rc6 38.a4 Kf6 39.h4 f4 40.a5 bxa5 41.Rxa5 Rc1+ 42.Kh2 Rf1
43.Ra2 Kf5 44.Re2 Kg4 45.Rxe4 Rxf2 46.h5 g5 47.h6 Ra2 48.Re7 f3 49.Rxh7 Rxg2+
50.Kh1 Kg3 51.Rf7 Re2  0-1

[Event "FINEC WGM"]
[Site "St Petersburg RUS"]
[Date "2006.01.23"]
[Round "7"]
[White "Solovjova,V"]
[Black "Doluhanova,E"]
[Result "1-0"]
[WhiteElo "2259"]
[BlackElo "2301"]

1.e4 g6 2.d4 Bg7 3.Nc3 c6 4.f4 d6 5.Nf3 Bg4 6.Be3 Qb6 7.Qd2 Bxf3 8.gxf3 Nd7
9.O-O-O Qa5 10.f5 b5 11.Kb1 b4 12.Ne2 gxf5 13.Rg1 Bf6 14.Bh3 Nb6 15.Qd3 fxe4
16.fxe4 e6 17.Rdf1 Be7 18.e5 dxe5 19.dxe5 Qd5 20.Qa6 Qc4 21.Qb7 Rd8 22.Nf4 Nd5
23.Bxe6 fxe6 24.Nh5 Ngf6 25.exf6  1-0

[Event "14th FAJR Open"]
[Site "Tehran IRI"]
[Date "2006.01.29"]
[Round "7"]
[White "Khakpoor,A"]
[Black "Abbasov,F"]
[Result "0-1"]
[WhiteElo "2277"]
[BlackElo "2462"]

1.e4 g6 2.d4 Bg7 3.Nc3 c6 4.Nf3 d6 5.h3 Nd7 6.Be3 Qb6 7.Qc1 Ngf6 8.Bd3 O-O
9.O-O Qc7 10.Ne2 e5 11.Ng3 Re8 12.Bh6 Nf8 13.dxe5 dxe5 14.Nh4 Ne6 15.Bxg7 Kxg7
16.Bc4 Nf4 17.Rd1 Qe7 18.Nf3 b5 19.Bf1 a6 20.Qe3 c5 21.Rd2 Bb7 22.Rad1 Qc7
23.a4 c4 24.b3 c3 25.Rd6 bxa4 26.bxa4 Re6 27.Rxe6 Nxe6 28.Rb1 Nd7 29.Rb3 Rc8
30.Ne2 Ndc5 31.Rxc3 Qd6 32.Rc4 a5 33.Nc3 f6 34.Kh2 Ba6 35.Nb5 Qb6 36.Qd2 Rd8
37.Qe1 Rd7 38.Qa1 Bxb5 39.axb5 Qxb5 40.Rd4 Qb6 41.Rd5 Nc7 42.Nxe5 Nxd5 43.Nxd7 Qc7+
44.Kg1 Nxe4 45.Qd4 Nec3 46.Nc5 Qe5 47.Qc4 Nf4 48.g3 Nfd5 49.Qa6 Qe1 50.Kg2 Qd2
51.Qb7+ Kh6 52.Ne6 Ne3+ 53.Kg1 Ne2+ 54.Kh1 Nf5 55.Qe4 Nexg3+  0-1

[Event "ch-Kyiv"]
[Site "Kyiv UKR"]
[Date "2006.02.02"]
[Round "11"]
[White "Malienko,A"]
[Black "Moliboga,V"]
[Result "1-0"]
[WhiteElo "2223"]
[BlackElo "2322"]

1.e4 g6 2.d4 Bg7 3.Nc3 c6 4.Bc4 d6 5.Nf3 Nf6 6.e5 dxe5 7.Nxe5 O-O 8.Bg5 Nbd7
9.Qe2 Nb6 10.Bb3 Nbd5 11.Nxd5 cxd5 12.f3 Qb6 13.O-O-O a5 14.a3 Bf5 15.g4 Rfc8
16.gxf5 Qxb3 17.Kb1 Qa4 18.fxg6 hxg6 19.Bc1 b5 20.b3  1-0

[Event "TCh-BEL 2005-6"]
[Site "Belgium BEL"]
[Date "2006.02.05"]
[Round "8"]
[White "Maenhout,T"]
[Black "Cacco,C"]
[Result "1-0"]
[WhiteElo "2303"]
[BlackElo "2398"]

1.e4 g6 2.d4 Bg7 3.Nc3 c6 4.Bc4 d6 5.Qf3 e6 6.Nge2 Nd7 7.Bf4 Qe7 8.O-O e5
9.Bg5 Ngf6 10.Bb3 h6 11.Bh4 g5 12.Bg3 Nf8 13.Qe3 Ng6 14.dxe5 dxe5 15.f3 Nh5
16.Bf2 Nhf4 17.Rad1 O-O 18.Qc5 Qxc5 19.Bxc5 Re8 20.Rd2 Bf8 21.Be3 Bb4 22.Ng3 Nf8
23.Rfd1 N8e6 24.Nf5 Kh7 25.Nd6 Bxd6 26.Rxd6 Kg7 27.a4 Nh5 28.Nb1 Re7 29.Na3 Nf6
30.Nc4 Ne8 31.R6d2 f6 32.c3 b6 33.Nd6 Nxd6 34.Rxd6 c5 35.Bd5 Rb8 36.b4 cxb4
37.cxb4 Bd7 38.Bb3 Rb7 39.Rxd7 Rbxd7 40.Rxd7 Rxd7 41.Bxe6 Rd3 42.Kf2 Ra3
43.a5 bxa5 44.b5 a4 45.Bxa7 Rb3 46.b6 Rb2+ 47.Ke3 a3 48.Kd3 h5 49.Kc3 Rb5
50.Bd5 Kf8 51.Bb3  1-0

[Event "FSIMA February"]
[Site "Budapest HUN"]
[Date "2006.02.11"]
[Round "8"]
[White "Sanchez,Lo"]
[Black "Boguszlavszkij,J"]
[Result "1-0"]
[WhiteElo "2301"]
[BlackElo "2348"]

1.e4 g6 2.d4 Bg7 3.Nc3 c6 4.Nf3 d5 5.h3 dxe4 6.Nxe4 Nd7 7.Bc4 Ngf6 8.Nxf6+ Nxf6
9.O-O O-O 10.Re1 b5 11.Bb3 Bb7 12.Qe2 e6 13.Bg5 Qc7 14.Ne5 Nd5 15.Ng4 h5
16.Ne5 c5 17.dxc5 Qxc5 18.Rad1 Rfe8 19.Rd3 Qc7 20.Rf3 Qxe5 21.Qxe5 Bxe5 22.Rxe5 Rac8
23.g4 Kg7 24.gxh5 f5 25.h6+ Kh7 26.Bxd5 Bxd5 27.Ra3 Rc7 28.Ra5 Rb7 29.c3 Rc8
30.a3 Rc6 31.Re2 a6 32.Rd2 Rf7 33.f4 Rb7 34.Kf2 Rbb6 35.Ke3 Rc4 36.Rd4 Rbc6
37.a4 Rxd4 38.Kxd4 Bc4 39.axb5 Bxb5 40.b3 Rb6 41.c4 Be8 42.Rc5 Rb7 43.Rc8 Bf7
44.Ke5 Bg8 45.c5 Rd7 46.c6 Rd5+ 47.Kf6  1-0

[Event "US Amateur Team East"]
[Site "Parsippany USA"]
[Date "2006.02.20"]
[Round "6"]
[White "Fleischman,E"]
[Black "Zlotnikov,M"]
[Result "1-0"]
[WhiteElo "2075"]
[BlackElo "2364"]

1.d4 g6 2.e4 Bg7 3.Nc3 c6 4.Bc4 d6 5.a4 Nf6 6.Bd3 O-O 7.h3 Nbd7 8.Nf3 e5
9.dxe5 dxe5 10.O-O Re8 11.Bc4 h6 12.a5 Nh5 13.Qd6 Nf8 14.Rd1 Qxd6 15.Rxd6 Nf4
16.Be3 N8e6 17.a6 b5 18.Bxe6 Rxe6 19.Rd8+ Kh7 20.Bc5 Bf6 21.Rf8 Kg7 22.Rd1 g5
23.Rd7 Bxd7 24.Rxa8 b4 25.Na4 Ne2+ 26.Kh2 Nd4 27.Rxa7 Bc8 28.Ra8 Bxa6 29.Rxa6 Nxc2
30.Ra8 h5 31.Bf8+  1-0

[Event "Masters"]
[Site "Bruges BEL"]
[Date "2006.02.27"]
[Round "3"]
[White "Geirnaert,S"]
[Black "Leenhouts,K"]
[Result "1-0"]
[WhiteElo "2357"]
[BlackElo "2398"]

1.e4 g6 2.d4 Bg7 3.Nc3 c6 4.Nf3 d5 5.h3 Nh6 6.Bd3 O-O 7.O-O f6 8.Qe2 Nf7
9.Rd1 e6 10.a4 a5 11.b3 Re8 12.Bb2 Na6 13.Bxa6 Rxa6 14.Re1 Bd7 15.Rad1 Ra8
16.Ba3 Qc7 17.Qd2 Rad8 18.Re2 b5 19.Bc5 b4 20.Nb1 Bc8 21.c3 e5 22.cxb4 dxe4
23.Rxe4 f5 24.Ree1 e4 25.Nh2 Be6 26.Qc3 Bd5 27.Na3 axb4 28.Bxb4 Qb7 29.f4 Rc8
30.Nf1 c5 31.Bxc5 Qxb3 32.Qxb3 Bxb3 33.Rb1 Bxa4 34.Ne3 Red8 35.Rb4 Bc6 36.Rd1 Ba8
37.Nac4 Rb8 38.Rxb8 Rxb8 39.Nb6 Bb7 40.g4 g5 41.Rf1 gxf4 42.Nxf5 Ng5 43.Nxg7 e3
44.Nf5 e2 45.Ne7+ Kg7 46.Ra1 f3 47.Kf2 Nxh3+ 48.Ke3 Be4 49.d5 Rb7 50.d6 Ra7
51.Rc1 Ra2 52.Kxe4 f2 53.Nf5+ Kg6 54.Bxf2 Nxf2+ 55.Kf3 Nd3 56.d7 e1=Q 57.Rxe1 Nxe1+
58.Ke4 Re2+ 59.Ne3 Ng2 60.Nd5 Nxe3 61.Nxe3 Rd2 62.Nd5 Re2+ 63.Kf3  1-0

[Event "Breizh Masters Women"]
[Site "Guingamp FRA"]
[Date "2006.02.27"]
[Round "2"]
[White "Hrabinska,M"]
[Black "Fierro Baquero,M"]
[Result "1-0"]
[WhiteElo "2225"]
[BlackElo "2273"]

1.e4 g6 2.d4 Bg7 3.Nc3 c6 4.f4 d5 5.e5 Qb6 6.Na4 Qc7 7.Be3 Nh6 8.Nf3 Bg4
9.Be2 Nd7 10.c4 dxc4 11.Ng5 Bxe2 12.Qxe2 e6 13.Qxc4 b5 14.Nxe6 fxe6 15.Qxe6+ Kd8
16.Nc5 Re8 17.f5 Rxe6 18.Nxe6+ Kc8 19.Nxc7 Kxc7 20.f6 Bf8 21.Bf4 Kb6 22.O-O Re8
23.Rad1 Nf7 24.Rfe1 Re6 25.d5 cxd5 26.Rxd5 Kc6 27.Rd2 Bc5+ 28.Kh1 Nxf6 29.Rc1 Nd5
30.g3 Nxf4 31.gxf4 Kb6 32.Rd7 Nh6 33.Rxh7 Ng4 34.Kg2 g5 35.Kf3 Nh6 36.fxg5 Nf5
37.Kf4 Nd4 38.Rd1 Re8 39.g6 Nc6 40.g7 Nxe5 41.g8=Q Rxg8 42.Kxe5 Re8+ 43.Kf5 Re2
44.b3 Rxa2 45.h4 Rf2+ 46.Kg4 Rg2+ 47.Kf3 Rb2 48.Rd3 Ka5 49.h5 Kb4 50.h6 Rh2
51.Kg3 Rh1 52.Rh8 a5 53.Kg2 Rh5 54.h7 Be7 55.Rf3 Rh6 56.Kf1 Rf6 57.Rf8 Bxf8
58.Rxf6 Bg7 59.Rg6 Bh8 60.Rg8 Bf6 61.Rb8 a4 62.bxa4 Kxa4 63.Ke2 b4 64.Kd3 b3
65.h8=Q  1-0

[Event "Victor Ciocaltea Mem"]
[Site "Bucharest ROM"]
[Date "2006.03.11"]
[Round "4"]
[White "Golubev,M"]
[Black "Barnaure,V"]
[Result "1-0"]
[WhiteElo "2499"]
[BlackElo "2416"]

1.e4 g6 2.d4 Bg7 3.Nc3 c6 4.h3 d5 5.Nf3 dxe4 6.Nxe4 Nd7 7.Bc4 Ngf6 8.Nxf6+ Nxf6
9.O-O O-O 10.Re1 Qd6 11.Qe2 Re8 12.Bg5 Nd5 13.Bxd5 Qxd5 14.c4 Qf5 15.Rad1 Bd7
16.Qd2 b5 17.Nh4 Qe6 18.Rxe6 Bxe6 19.cxb5 cxb5 20.d5 Bd7 21.Nf3  1-0

[Event "Varsity Oxford-Cambridge"]
[Site "London ENG"]
[Date "2006.03.11"]
[Round "4"]
[White "Eckersley Waites,T"]
[Black "Mycroft,R"]
[Result "1/2-1/2"]
[WhiteElo "2116"]
[BlackElo "2141"]

1.e4 g6 2.d4 Bg7 3.Nc3 c6 4.Be3 d5 5.Qd2 dxe4 6.Nxe4 Nd7 7.O-O-O Ngf6 8.f3 Nd5
9.Bh6 Bxh6 10.Qxh6 N7f6 11.c4 Nxe4 12.fxe4 Nf6 13.e5 Ng4 14.Qd2 h5 15.Nf3 Nh6
16.Bd3 Bf5 17.Qf4 Qc7 18.Ng5 O-O-O 19.Bxf5+ gxf5 20.Qf3 Rdg8 21.h4 e6 22.Rhe1 Ng4
23.Qa3 Kb8 24.Qd6 Nf2 25.Rd2 Ne4 26.Nxe4 fxe4 27.Qxc7+ Kxc7 28.Rxe4 Rg3 29.Rf2 Rh7
30.Ref4 Rgg7 31.g3 Rxg3 32.Rxf7+ Rxf7 33.Rxf7+ Kc8 34.Rh7 Rg4 35.Rxh5 Rxd4
36.b3 c5 37.Kc2 a6 38.Rh8+ Kc7 39.h5 Re4 40.h6 Rxe5 41.Kd3 Rh5 42.Ke4 Kd6
43.h7 Kc7 44.Kf4 Rh1 45.Kg5 Kb6 46.Kf6 e5 47.Kxe5 Rh4 48.Kf5 Rh3 49.b4 cxb4
50.c5+ Ka7 51.Kg6 Rg3+ 52.Kf5 Rh3  1/2-1/2

[Event "38th 8th March WGM"]
[Site "Belgrade SCG"]
[Date "2006.03.14"]
[Round "8"]
[White "Schepetkova,M"]
[Black "Petrovic,Mari"]
[Result "1-0"]
[WhiteElo "2124"]
[BlackElo "2246"]

1.e4 g6 2.d4 Bg7 3.Nc3 c6 4.Be3 d6 5.f4 d5 6.Nf3 dxe4 7.Nxe4 Nf6 8.Nxf6+ exf6
9.Bd3 O-O 10.O-O Nd7 11.c4 f5 12.Kh1 Nf6 13.Qc2 Qc7 14.Ne5 b6 15.b4 Bb7 16.Rab1 Rad8
17.a4 Rfe8 18.Qf2 Nh5 19.Be2 Nf6 20.Bf3 a6 21.d5 cxd5 22.Bxb6 Qe7 23.Bxd8 Rxd8
24.c5 Ne4 25.Bxe4 fxe4 26.b5 axb5 27.axb5 d4 28.c6 Bc8 29.b6 Bf8 30.c7 Re8
31.Qxd4 g5 32.Qc4 e3 33.b7 e2 34.Rfe1 Be6 35.b8=Q  1-0

[Event "Foxwoods Open"]
[Site "Ledyards USA"]
[Date "2006.04.16"]
[Round "8"]
[White "Young,Z"]
[Black "Hanken,J"]
[Result "0-1"]
[WhiteElo "2077"]
[BlackElo "2007"]

1.e4 g6 2.d4 Bg7 3.Nc3 c6 4.Bc4 b5 5.Bb3 b4 6.Nce2 Nf6 7.Ng3 O-O 8.Nf3 a5
9.e5 Nd5 10.O-O d6 11.exd6 Qxd6 12.Ne4 Qd8 13.a3 Na6 14.axb4 axb4 15.Qd3 Nc5
16.Nxc5 Rxa1 17.Ba4 Bf5 18.Qb3 Qc7 19.Bd2 Rxf1+ 20.Kxf1 Bg4 21.Ne5 Bxe5 22.dxe5 Nb6
23.Qxb4 Nxa4 24.Qxa4 Qxe5 25.Be3 Bc8 26.c3 Qxh2 27.Qxc6 Qh1+ 28.Ke2 Bg4+
29.Kd3 Qb1+ 30.Kd4 Qxb2 31.f3 e5+ 32.Kxe5 Qxc3+ 33.Bd4 Qe1+ 34.Kf4 Be6 35.Ne4 Qh4+
36.Ke3 Qe1+ 37.Kf4  0-1

[Event "Foxwoods Open"]
[Site "Ledyards USA"]
[Date "2006.04.16"]
[Round "8"]
[White "Friedel,J"]
[Black "Zlotnikov,M"]
[Result "1-0"]
[WhiteElo "2465"]
[BlackElo "2364"]

1.e4 g6 2.d4 Bg7 3.Nc3 c6 4.Bc4 d6 5.Qf3 e6 6.Nge2 Nd7 7.Bb3 Ngf6 8.O-O O-O
9.Bg5 e5 10.Rad1 Qe7 11.Qg3 exd4 12.Nxd4 Re8 13.Rfe1 Qf8 14.f3 Nc5 15.Nde2 Nxb3
16.axb3 d5 17.Bxf6 Bxf6 18.exd5 Bf5 19.Rd2 Qh6 20.Red1 Bg5 21.f4 Bf6 22.Qf3 Qf8
23.d6 h5 24.h3 h4 25.Qf2 Red8 26.Na4 b6 27.b4 Rd7 28.c4 Be6 29.c5 Rad8 30.Nac3 bxc5
31.Ne4 Bg7 32.bxc5 Bf5 33.Ng5 Qe8 34.Nd4 Bxd4 35.Rxd4 f6 36.Re1 Qf8 37.Nf3 Re8
38.Nxh4 Rh7 39.Nxf5 gxf5  1-0

[Event "1st Open"]
[Site "Sofia BUL"]
[Date "2006.05.14"]
[Round "5"]
[White "Badev,K"]
[Black "Kostadinov,S"]
[Result "1/2-1/2"]
[WhiteElo "2364"]
[BlackElo "2200"]

1.e4 g6 2.d4 Bg7 3.Nc3 c6 4.Bc4 d6 5.Nf3 Nf6 6.Bb3 O-O 7.O-O Qc7 8.h3 e5
9.dxe5 dxe5 10.Be3 Qe7 11.Qc1 Be6 12.Bh6 Bxb3 13.axb3 Nfd7 14.Rd1 Na6 15.Ne2 Ndc5
16.Ng3 Rfd8 17.Rxd8+ Rxd8 18.Bg5 f6 19.Be3 b6 20.Qe1 Qb7 21.Qc3 Ne6 22.b4 Nac7
23.Qa3 a6 24.c3 Bf8 25.Qa2 Kg7 26.Nd2 c5 27.bxc5 Bxc5 28.Ndf1 Qc6 29.Qc4 b5
30.Qe2 Qd7 31.Qg4 Bxe3 32.Nf5+ Kh8 33.N5xe3 Nc5 34.Rd1 Qe7 35.Nd5 Nxd5 36.exd5 f5
37.Qb4 Qd6 38.Ne3 Ne4 39.Qxd6 Nxd6 40.Ra1 Ra8 41.b3 f4 42.Ng4 e4 43.Ne5 Re8
44.Rxa6 Nf5 45.Nf7+ Kg7 46.Nd6 Nxd6 47.Rxd6 Kf7 48.Rb6 Rc8 49.Rxb5 Rxc3 50.Rb4 g5
51.d6 Rd3 52.Rxe4 Rd1+ 53.Kh2 Rxd6 54.h4 h6 55.hxg5 hxg5 56.Rb4 Rd2 57.f3 Kf6
58.Rb8 Kg7 59.b4 g4 60.fxg4 f3  1/2-1/2

[Event "ch-UKR sf"]
[Site "Alushta UKR"]
[Date "2006.05.16"]
[Round "4"]
[White "Dovzik,J"]
[Black "Trembach,V"]
[Result "1/2-1/2"]
[WhiteElo "2425"]
[BlackElo "2255"]

1.d4 g6 2.e4 Bg7 3.Nc3 c6 4.Be3 d5 5.e5 Nh6 6.Nge2 f6 7.Qd2 Ng4 8.exf6 exf6
9.Bf4 f5 10.f3 Nf6 11.O-O-O b5 12.Ng3 h6 13.h4 a5 14.Bd3 Na6 15.Rde1+ Kf7
16.h5 g5 17.Be5 f4 18.Bg6+ Kg8 19.Nf5 Bxf5 20.Bxf5 Nc7 21.g3 fxg3 22.Qg2 Nd7
23.Bd6 Qf6 24.Bxc7 Qxf5 25.Ne2 Kh7 26.Nxg3 Qf6 27.Qd2 Rhf8 28.Rhf1 Ra7 29.Be5 Nxe5
30.dxe5 Qf4 31.Qxf4 gxf4 32.Nh1 Rf5 33.Nf2 Rxh5 34.Nd3 Rf5 35.Re2 Re7 36.Rfe1 Re8
37.c3 Bf8 38.b3 c5 39.c4 bxc4 40.bxc4 dxc4 41.Nb2 c3 42.Nc4 h5 43.Kc2 Kg6
44.Kxc3 a4 45.Rb1 Re6 46.Kd3 h4 47.Ke4 Rf7 48.Rg2+ Kh5 49.Rg4 Rg6 50.Rxf4 Rxf4+
51.Kxf4 h3 52.Rh1 Kh4 53.Ne3 Bh6+ 54.Kf5 Rg5+ 55.Ke4 Rxe5+ 56.Kxe5 Bxe3 57.f4 Kg3
58.f5 Kg2 59.Rd1 h2 60.Kd5 a3 61.f6 h1=Q 62.Rxh1 Kxh1 63.f7 Bh6 64.Kxc5 Kg2
65.Kb4 Bf8+ 66.Kb3 Kf3 67.Kc2 Kf4 68.Kb1 Kf5 69.Ka1 Kf6 70.Kb1 Kxf7 71.Ka1 Ke6
72.Kb1 Kd5 73.Ka1 Kc4 74.Kb1 Kc3 75.Kc1 Kd3 76.Kd1 Bg7 77.Kc1  1/2-1/2